00329nam a2200145Ia 45000030006000000050017000060080041000230400009000640410012000730820019000851000015001042450042001192600014001613000008001750Nust20170105110255.0161124s9999 xx 000 0 und d cIGIS aEnglish a339.46091bMAN aM.A.Mannan aIslamic Economics Theory and Practics aPakc1995 a383